| 000 | 00900nac a22002897a 4500 | ||
|---|---|---|---|
| 001 | BR9904049 | ||
| 003 | BR-BrBNA | ||
| 005 | 20240105122300.0 | ||
| 008 | 230509b bl.|||m| |||| 00| 0 por d | ||
| 040 |
_aBR-BrBNA _bpor _cBiblioteca Nacional de Agricultura |
||
| 072 | _aE70 | ||
| 090 | _a3520 BR9904049 | ||
| 100 | 1 | _aAzevedo, J.N. de | |
| 100 | 1 | _aLima, P.S. da C. | |
| 100 | 1 | _aCarneiro, F.O.M. | |
| 110 | 1 |
_aCentro Nacional Agropecuaria do Meio-Norte, Teresina, PI (Brasil) _91703 |
|
| 245 | 1 | _aPrincipais tuberculos e raizes comercializados na CEASA-PI | |
| 260 | 3 |
_aTeresina, PI (Brasil): _c1998. |
|
| 300 | _a4 p. | ||
| 490 |
_aComunicado Tecnico da EMBRAPA Hortalicas (Brazil) _vno. 92 _xISSN 9104-7647 |
||
| 650 | _aTuberculo | ||
| 650 | _aRaiz | ||
| 650 | _aComercializacao | ||
| 650 | _aPiaui | ||
| 909 |
_a202312 _bLúcia Elande _c55 _dLúcia Elande |
||
| 942 |
_2AGRIS _n0 _cMS |
||
| 999 |
_c290196 _d290196 |
||